000 00312nam a22001337a 4500
008 170503b xxu||||| |||| 00| 0 eng d
020 _a9781600420672
041 _aeng
080 _a347
100 _a14
101 _aSHJ
245 _aCIVIL RIGHTS LEGISLATION AND LITIGATION
_cLEVINSON, R.B
942 _2udc
_cBK
999 _c12486
_d12486